|
|
|
|
| LEADER |
00000nam0a2200000 4500 |
| 001 |
288496 |
| 005 |
20231102000108.0 |
| 020 |
|
|
|a RU
|b 85-64800
|
| 035 |
|
|
|a (RuTPU)RU\TPU\book\312966
|
| 090 |
|
|
|a 288496
|
| 100 |
|
|
|a 20150325d1985 m y0rusy5003 ca
|
| 101 |
0 |
|
|a rus
|
| 102 |
|
|
|a RU
|
| 105 |
|
|
|a a z 001zb
|
| 200 |
1 |
|
|a В. А. Сухомлинский : книга для учащихся
|f А. М. Борисовский
|
| 210 |
|
|
|a Москва
|c Просвещение
|d 1985
|
| 215 |
|
|
|a 128 с.
|c ил.
|
| 225 |
1 |
|
|a Люди науки
|
| 320 |
|
|
|a Библиогр.: с. 124-126
|
| 600 |
|
1 |
|a Сухомлинский
|b В. А.
|c российский педагог
|c учитель русского и украинского языка и литературы
|f 1918-1970
|g Василий Александрович
|2 stltpush
|3 (RuTPU)RU\TPU\pers\15869
|9 5534
|
| 606 |
1 |
|
|a Педагогика
|x История
|y СССР
|y Россия
|2 stltpush
|3 (RuTPU)RU\TPU\subj\48424
|9 67294
|
| 606 |
1 |
|
|a Школьная педагогика
|2 stltpush
|3 (RuTPU)RU\TPU\subj\72612
|9 86053
|
| 610 |
1 |
|
|a педагогические учения
|
| 610 |
1 |
|
|a советские педагоги
|
| 610 |
1 |
|
|a воспитание
|
| 610 |
1 |
|
|a 20 век
|
| 686 |
|
|
|a Ч33(2)
|2 rubbk
|
| 700 |
|
1 |
|a Борисовский
|b А. М.
|g Абрам Моисеевич
|
| 801 |
|
0 |
|a RU
|b RuMRKP
|c 19950704
|g psbo
|
| 801 |
|
1 |
|a RU
|b 63413507
|c 20150325
|
| 801 |
|
2 |
|a RU
|b 63413507
|c 20170317
|g RCR
|
| 942 |
|
|
|c BK
|